000 00971nas a2200313 4500
001 BR2015001829
003 BR-BrBNA
005 20231205125222.0
007 ta
008 230509b bl.|||p| |||| 00| 00por d
040 _aBR-BrBNA
_bpor
_cBiblioteca Nacional de Agricultura
041 _a(Pt)
072 _aF03; F02
100 1 _aFonseca, P.T.
100 1 _aNepomuceno, C.F.
100 1 _aAlvim, B.F.M.
100 1 _aSantana, J.R.F. de
245 1 _aResposta morfogênica de embriões zigóticos de Erythrina velutina Willd. (Leguminosae)cultivados un vitro
650 _aMULUNGU
650 _aLEGUMINOSAE
650 _aDORMÊNCIA DA SEMENTE
650 _aREGULADOR DE CRESCIMENTO
650 _aCULTURA IN VITRO
650 _aMORFOGÊNESE
650 _aRESPOSTA DA PLANTA
773 0 _tRevista Ceres (Brazil)
_xISSN 0034-737X
_g(Sep-Oct 2014), V. 61(5) p. 605-611
_wBR2015001829
909 _a202311
_bLúcia
_c55
_dLúcia Elande
942 _2AGRIS
_n0
_cANA
999 _c243280
_d243280